000 00422nam a22001697a 4500
003 MPLRDC
005 20220104142526.0
008 210129b ||||| |||| 00| 0 eng d
082 _a220.7 YZB-2 c.2
100 _a尤智表
245 _a佛教科学观
_c
250 _a初版
260 _a
_b财团法人佛陀教育基金会出版部
_c1992
300 _b41
650 _a佛教杂论
942 _cBK
_o220.7 YZB-2 c.2
999 _c31585
_d31575